Произведения Стивена Кинга - Армагеддон - Statistics

General Stats
  • This quiz has been taken 58 times
  • The average score is 9 of 29
Answers on the Grid
Answers color-coded by a green-red scale on the quiz's grid according to % correct below.
Восставший из Ада
Белая болезнь
Мешок с костями
Ночь в тоскливом октябре
Бегущий человек
Ярость
Звёздная кровь
Газонокосильщик
Кристина
Долорес Клэйборн
Мать Тьма
Дорожные работы
Ловец снов
Видоизменённый углерод
Надвигается беда
Страна радости
Воспламеняющая взглядом
Последнее искушение
Сказка
Западные земли
Грузовики
Оно
Повелитель мух
Господь гнева
Сердце-обличитель
Чума
Сердца в Атлантиде
Кошачий глаз
Худеющий
Счастливый брак
Регуляторы
Мобильник
Способный ученик
Книжный вор
Здесь тоже водятся тигры
11/22/63
Король в жёлтом
Зелёная миля
Тот, кто хочет выжить
Лангольеры
Бесконечная шутка
Голос монстра
Парадокс
Нужные вещи
Кэрри
Спираль
Женщина в палате
Английский пациент
Как писать книги
Глаза дракона
 
Answer Stats
Answer % Correct
Оно
90%
Бегущий человек
56%
Зелёная миля
56%
Ловец снов
54%
11/22/63
54%
Мешок с костями
49%
Кэрри
49%
Кристина
44%
Худеющий
41%
Долорес Клэйборн
36%
Ярость
33%
Газонокосильщик
33%
Страна радости
33%
Воспламеняющая взглядом
31%
Мобильник
26%
Дорожные работы
23%
Как писать книги
23%
Грузовики
21%
Сердца в Атлантиде
21%
Лангольеры
18%
Нужные вещи
18%
Сказка
13%
Способный ученик
13%
Глаза дракона
13%
Регуляторы
10%
Тот, кто хочет выжить
10%
Женщина в палате
10%
Счастливый брак
5%
Здесь тоже водятся тигры
5%
No matching quizzes found
Score Distribution
Percent of People with Each Score
Percentile by Number Answered
Your Score History
You have not taken this quiz